Normal view
MARC view
Entry Topical Term
001 - CONTROL NUMBER
- control field: 55050
003 - CONTROL NUMBER IDENTIFIER
- control field: OSt
005 - DATE AND TIME OF LATEST TRANSACTION
- control field: 20241011144514.0
008 - FIXED-LENGTH DATA ELEMENTS
- fixed length control field: 241011|| aca||aabn | a|a d
040 ## - CATALOGING SOURCE
- Original cataloging agency: OSt
- Transcribing agency: OSt
150 ## - HEADING--TOPICAL TERM
- Topical term or geographic name entry element: ရှင်ပင်စက္ကိန်းတဲစေတီ
- General subdivision: သမိုင်း
670 ## - SOURCE DATA FOUND
- Source citation: Work cat.: (OSt)16744: မင်းဘူးမြို့သမိုင်းဝင် ရှင်ပင်စက္ကိန်းတဲ စေတီတော်သမိုင်း။, [ခုနှစ်မပါ]။